|
|
|
|
| LEADER |
00000cam a2200000 ca4500 |
| 001 |
1350942871 |
| 003 |
DE-627 |
| 005 |
20220527141628.0 |
| 007 |
tu |
| 008 |
080526n19uuuuuuxx ||||| 00| ||fre c |
| 035 |
|
|
|a (DE-627)1350942871
|
| 035 |
|
|
|a (DE-576)280942877
|
| 035 |
|
|
|a (DE-599)BSZ280942877
|
| 040 |
|
|
|a DE-627
|b ger
|c DE-627
|e rakwb
|
| 041 |
|
|
|a fre
|
| 100 |
1 |
|
|0 (DE-588)118583573
|0 (DE-627)134385608
|0 (DE-576)162276680
|4 aut
|a Montaigne, Michel Eyquem de
|d 1533-1592
|
| 109 |
|
|
|a Montagna, Michiel di 1533-1592
|a Monten', Michail 1533-1592
|a Montaigne, Michael 1533-1592
|a Montenj, Mishelj dö 1533-1592
|a Montaigne, Michel E. de 1533-1592
|a Montaigne, Michel de la 1533-1592
|a Montaigne, Michel 1533-1592
|a Montaigne, Michel Eyquem 1533-1592
|a Montaigne de la 1533-1592
|a Montaigne, Michel Ayquem de 1533-1592
|a Di Montagna, Michel 1533-1592
|a Montanje, Michiel de 1533-1592
|a Ayquem de Montaigne, Michel 1533-1592
|a Montaigne de 1533-1592
|a Montanus, Michael 1533-1592
|a Monten, Mišel dăo 1533-1592
|a Montaigne, M. de 1533-1592
|a Montaigne, Michel Eyquem de 1533-1592
|a Montagne, Michael von 1533-1592
|a Monten', Michel de 1533-1592
|a Eyquem de Montaigne, Michel 1533-1592
|a Montaigne 1533-1592
|a Monṭen, Mikhaʾel di- 1533-1592
|a Montaigne, Michel de 1533-1592
|a Montaigne, Michael von 1533-1592
|a Montagne, Michel de 1533-1592
|a Montagna, Michel di 1533-1592
|a Montenʹ Michelʹ 1533-1592
|a Montenʹ, Mišelʹ 1533-1592
|
| 190 |
|
|
|j 1991
|
| 245 |
1 |
0 |
|a Essais
|c Michel de Montaigne. Éd. présentée, établie et annotée par Pierre Michel
|
| 264 |
|
1 |
|a [Paris]
|b Gallimard
|c 19XX-
|
| 336 |
|
|
|a Text
|b txt
|2 rdacontent
|
| 337 |
|
|
|a ohne Hilfsmittel zu benutzen
|b n
|2 rdamedia
|
| 338 |
|
|
|a Band
|b nc
|2 rdacarrier
|
| 490 |
0 |
|
|a Collection Folio
|v ...
|
| 700 |
1 |
|
|e Hrsg.
|0 (DE-627)1232231231
|0 (DE-576)162231237
|4 edt
|a Michel, Pierre
|
| 951 |
|
|
|a MC
|
| ELC |
|
|
|b 1
|
| ORI |
|
|
|a SA-MARC-ixtheo_ob001.raw
|
| SPR |
|
|
|a 1
|t IXT
|